| 000 | 00766nam a22002292 4500 | ||
|---|---|---|---|
| 001 | 0000024585 | ||
| 005 | 20151217152304.0 | ||
| 008 | 140109s xx 000 0 eng d | ||
| 020 | _a0199772421 : | ||
| 040 |
_aKABU _cKABU |
||
| 100 | 1 |
_aBainbridge, Stephen M. _@0000184912 |
|
| 245 | 1 | 0 |
_aCorporate governance after the financial crisis / _cStephen M. Bainbridge. |
| 250 | _a1st ed. | ||
| 260 |
_aOxford : _bO. U. P., _c2012. |
||
| 300 | _ax, 283 p. | ||
| 650 | 0 |
_aCorporate governance _xLaw and legislation _zUnited States. _@0000184913 |
|
| 650 | 0 |
_aGlobal financial crisis _y2008-2009. _@0000184914 |
|
| 700 | 1 |
_aBainbridge, Stephen M. _@0000184912 |
|
| 852 | 1 | _9p5400 KES | |
| 908 | _a140109 | ||
| 950 | _@1 | ||
| 999 |
_c10354 _d10354 |
||